000 00286nam a2200109 4500
999 _c10234
_d10234
008 180809b ||||| |||| 00| 0 eng d
245 _aPastry arts center Cacs-Davao's.
260 _aDavao City
_bSun Star Davao
_cc2016
300 _apage 14.
650 0 _930208
_aFood.
942 _2ddc
_cPER